Municipalities of Pangasinan with a Map - Statistics

General Stats
  • This quiz has been taken 60 times
  • The average score is 29 of 48
Answers on the Map
Answers color-coded by a green-red scale on the quiz's map according to % correct below.
 
Answer Stats
Municipality % Correct
Bolinao
92%
Dagupan
92%
Alaminos
85%
Lingayen
85%
Rosales
85%
Villasis
85%
Labrador
77%
Anda
69%
Asingan
69%
Manaoag
69%
Mangatarem
69%
Pozorrubio
69%
San Carlos City
69%
San Fabian
69%
Umingan
69%
Urdaneta
69%
Alcala
62%
Binalonan
62%
Calasiao
62%
Dasol
62%
Malasiqui
62%
Mangaldan
62%
Santa Maria
62%
Sual
62%
Agno
54%
Aguilar
54%
Balungao
54%
Bani
54%
Basista
54%
Bautista
54%
Bayambang
54%
Bugallon
54%
Infanta
54%
Mapandan
54%
Santo Tomas
54%
Sison
54%
Tayug
54%
Binmaley
46%
Burgos
46%
Laoac
46%
San Nicolas
46%
Urbiztondo
46%
Mabini
38%
Natividad
38%
San Jacinto
38%
San Manuel
38%
San Quintin
38%
Santa Barbara
38%
No matching quizzes found
Score Distribution
Percent of People with Each Score
Percentile by Number Answered
Your Score History
You have not taken this quiz